000 01020nam a2200301 i 4500
003 DO-SdBNP
005 20250618100757.0
007 ta
008 111019s1985 dr 000 0 spa d
040 _aDO-SdBNP
_bspa
_cBNPHU
_erda
041 _aspa
082 4 _a266.023
_bT173j 1985
_222
100 1 _aTardif, Emiliano,
_d1928-1999
_eautor
_4aut.
_935030
245 1 0 _aJesús está vivo /
_cEmiliano Tardif, José H. Prado Flores.
250 _aQuinta edición
264 4 _aSanto Domingo, República Dominicana :
_bEditora Amigo del Hogar,
_c©1985.
300 _a159 páginas ;
_c21 cm.
336 _atexto
_btxt
_2rdacontent
337 _asin mediación
_bn
_2rdamedia
338 _avolumen
_bnc
_2rdacarrier
590 _aInventariado, 2023/ YL
650 4 _aEvangelización
_9476
650 4 _aMisiones
_xIglesia católica
_935031
650 4 _aVida cristiana
_9668
700 1 _aPrado Flores, José H.,
_910971
_eautor
_4aut.
910 _aYLockward/Validado. Control de calidad MFF
942 _2ddc
_cLBS1
999 _c54304
_d54304